000 00434nam a2200193Ia 4500
008 210210b2004 xxu||||| |||| 00| 0 eng d
082 _a581 VINT
100 _aVINES (Sydney H)
245 _aTextbook of botany V2
260 _aN D
_bSrishti book distributors
_c2004
300 _aviii,821
440 _a2
650 _aV2
650 _aTextbook
650 _aof
650 _abotany
690 _aBotany
906 _aSG04677
999 _c115444
_d115444